Statistics for One 2019-20 NBA Player by Team

Click here to take the quiz!

General Stats

  • This quiz has been taken 36 times
  • The average score is 26 of 30

Answer Stats

TeamPlayersFull List% Correct
76ersJoel Embiid | Ben Simmons | Tobias Harris | Josh Richardson | Al Horford | Furkan Korkmaz | Alec Burks | Shake Milton | Matisse Thybulle | Glenn Robinson | Mike Scott | James Ennis | Trey Burke | Raul Neto | Kyle O'Quinn | Norvel Pelle | Marial Shayok | Zhaire Smith | Jonah Bolden
97%
LakersLeBron James | Anthony Davis | Danny Green | Rajon Rondo | Dwight Howard | Kentavious Caldwell-Pope | Kyle Kuzma | Avery Bradley | Alex Caruso | JaVale McGee | Markieff Morris | Dion Waiters | Talen Horton-Tucker | J.R. Smith | Quinn Cook | Troy Daniels | Devontae Cacok | Jared Dudley | Kostas Antetokounmpo | Zach Norvell
97%
CelticsJayson Tatum | Kemba Walker | Jaylen Brown | Gordon Hayward | Marcus Smart | Daniel Theis | Brad Wanamaker | Enes Kanter | Grant Williams | Semi Ojeleye | Robert Williams | Romeo Langford | Tremont Waters | Javonte Green | Carsen Edwards | Vincent Poirier | Tacko Fall
97%
ClippersKawhi Leonard | Paul George | Marcus Morris | Lou Williams | Montrezl Harrell | Landry Shamet | Patrick Beverley | Maurice Harkless | Reggie Jackson | JaMychal Green | Ivica Zubac | Rodney McGruder | Patrick Patterson | Jerome Robinson | Joakim Noah | Derrick Walton | Terance Mann | Amir Coffey | Mfiondu Kabengele | Johnathan Motley
97%
BucksGiannis Antetokounmpo | Khris Middleton | Eric Bledsoe | Brook Lopez | Wesley Matthews | Donte DiVincenzo | George Hill | Marvin Williams | Pat Connaughton | Kyle Korver | Ersan İlyasova | Sterling Brown | Robin Lopez | Frank Mason | Dragan Bender | D.J. Wilson | Thanasis Antetokounmpo
97%
BullsZach LaVine | Lauri Markkanen | Coby White | Wendell Carter | Kris Dunn | Thaddeus Young | Otto Porter | Tomáš Satoranský | Chandler Hutchison | Cristiano Felício | Ryan Arcidiacono | Luke Kornet | Daniel Gafford | Denzel Valentine | Shaquille Harrison | Adam Mokoka | Max Strus
91%
CavaliersCollin Sexton | Kevin Love | Darius Garland | Tristan Thompson | Cedi Osman | Andre Drummond | Larry Nance Jr. | Kevin Porter Jr. | Jordan Clarkson | Dante Exum | Brandon Knight | Alfonzo McKinnie | Matthew Dellavedova | John Henson | Ante Žižić | Dean Wade | Matt Mooney | Malik Newman | Tyler Cook | Marques Bolden | J.P. Macura
91%
GrizzliesJa Morant | Jaren Jackson Jr. | Jae Crowder | Dillon Brooks | Jonas Valančiūnas | Brandon Clarke | Kyle Anderson | De'Anthony Melton | Tyus Jones | Grayson Allen | Solomon Hill | Gorgui Dieng | Anthony Tolliver | Josh Jackson | Marko Guduric | Jordan Bell | John Konchar | Bruno Caboclo | Dusty Hannahs | Yuta Watanabe | Jarrod Uthoff
91%
WarriorsStephen Curry | Draymond Green | Andrew Wiggins | D'Angelo Russell | Eric Paschall | Glenn Robinson | Mychal Mulder | Alec Burks | Damion Lee | Willie Cauley-Stein | Ky Bowman | Jordan Poole | Dragan Bender | Juan Toscano-Anderson | Marquese Chriss | Omari Spellman | Jacob Evans | Jeremy Pargo | Chasson Randle | Kevon Looney | Zach Norvell | Alen Smailagić
91%
NuggetsNikola Jokić | Jamal Murray | Will Barton | Gary Harris | Jerami Grant | Paul Millsap | Monte Morris | Torrey Craig | Malik Beasley | Mason Plumlee | Michael Porter Jr. | PJ Dozier | Keita Bates-Diop | Troy Daniels | Juancho Hernangómez | Bol Bol | Tyler Cook | Jordan McRae | Jarred Vanderbilt | Noah Vonleh | Vlatko Čančar
91%
RaptorsKyle Lowry | Pascal Siakam | Fred VanVleet | Marc Gasol | Serge Ibaka | OG Anunoby | Norman Powell | Patrick McCaw | Rondae Hollis-Jefferson | Terence Davis | Chris Boucher | Matt Thomas | Paul Watson | Oshae Brissett | Stanley Johnson | Malcolm Miller | Dewan Hernandez | Shamorie Ponds
88%
NetsKyrie Irving | Spencer Dinwiddie | Joe Harris | Caris LeVert | Taurean Prince | Garrett Temple | Jarrett Allen | Tyler Johnson | DeAndre Jordan | Wilson Chandler | Iman Shumpert | Timothé Luwawu-Cabarrot | Donta Hall | Chris Chiozza | Rodions Kurucs | Lance Thomas | David Nwaba | Nicolas Claxton | Džanan Musa | Theo Pinson | Jeremiah Martin | Justin Anderson | Jamal Crawford | Henry Ellenson
88%
MavericksLuka Dončić | Kristaps Porziņģis | Tim Hardaway | Dwight Powell | Seth Curry | Dorian Finney-Smith | Maxi Kleber | J.J. Barea | Trey Burke | Delon Wright | Jalen Brunson | Justin Jackson | Courtney Lee | Willie Cauley-Stein | Ryan Broekhoff | Boban Marjanović | Michael Kidd-Gilchrist | Josh Reaves | Antonius Cleveland
88%
HeatJimmy Butler | Bam Adebayo | Goran Dragić | Tyler Herro | Duncan Robinson | Justise Winslow | Kendrick Nunn | Jae Crowder | Derrick Jones | Meyers Leonard | Andre Iguodala | Kelly Olynyk | Solomon Hill | James Johnson | Dion Waiters | Udonis Haslem | Gabe Vincent | Chris Silva | Kyle Alexander | KZ Okpala | Daryl Macon
88%
HawksTrae Young | John Collins | De'Andre Hunter | Kevin Huerter | Cam Reddish | Jabari Parker | Dewayne Dedmon | DeAndre' Bembry | Jeff Teague | Allen Crabbe | Alex Len | Damian Jones | Vince Carter | Evan Turner | Bruno Fernando | Brandon Goodwin | Treveon Graham | Tyrone Wallace | Chandler Parsons | Paul Watson | Charlie Brown Jr.
88%
PelicansJrue Holiday | Brandon Ingram | Lonzo Ball | Zion Williamson | Josh Hart | J.J. Redick | Derrick Favors | Kenrich Williams | E'Twaun Moore | Sindarius Thornwell | Nicolò Melli | Jaxson Hayes | Jahlil Okafor | Frank Jackson | Zylan Cheatham | Nickeil Alexander-Walker | Josh Gray
85%
RocketsJames Harden | Russell Westbrook | Clint Capela | Eric Gordon | P.J. Tucker | Robert Covington | Danuel House | Austin Rivers | Ben McLemore | Jeff Green | DeMarre Carroll | Gary Clark | Isaiah Hartenstein | Michael Frazier | Thabo Sefolosha | Chris Clemons | Tyson Chandler | Luc Mbah a Moute | Ryan Anderson | William Howard | Bruno Caboclo
85%
WizardsBradley Beal | Rui Hachimura | Dāvis Bertāns | Ish Smith | Troy Brown Jr. | Thomas Bryant | Shabazz Napier | Jerome Robinson | Isaiah Thomas | Jordan McRae | Ian Mahinmi | Isaac Bonga | Moritz Wagner | Anžejs Pasečņiks | C.J. Miles | Gary Payton II | Jerian Grant | Jarrod Uthoff | Garrison Mathews | Chris Chiozza | Johnathan Williams | Admiral Schofield | Justin Robinson
85%
JazzDonovan Mitchell | Rudy Gobert | Mike Conley | Bojan Bogdanović | Joe Ingles | Royce O'Neale | Jordan Clarkson | Jeff Green | Emmanuel Mudiay | Georges Niang | Tony Bradley | Justin Wright-Foreman | Miye Oni | Ed Davis | Jarrell Brantley | Rayjon Tucker | Dante Exum | Juwan Morgan | Nigel Williams-Goss | Stanton Kidd
85%
HornetsTerry Rozier | Devonte' Graham | Miles Bridges | P.J. Washington | Cody Zeller | Nicolas Batum | Malik Monk | Marvin Williams | Bismack Biyombo | Cody Martin | Jalen McDaniels | Dwayne Bacon | Caleb Martin | Michael Kidd-Gilchrist | Willy Hernangómez | Joe Chealey
82%
SunsDevin Booker | Deandre Ayton | Kelly Oubre Jr. | Ricky Rubio | Mikal Bridges | Dario Šarić | Cameron Payne | Aron Baynes | Cameron Johnson | Frank Kaminsky | Tyler Johnson | Jevon Carter | Elie Okobo | Jonah Bolden | Ty Jerome | Cheick Diallo | Jalen Lecque | Tariq Owens | Jared Harper
82%
Trail BlazersDamian Lillard | CJ McCollum | Jusuf Nurkić | Carmelo Anthony | Trevor Ariza | Hassan Whiteside | Rodney Hood | Zach Collins | Kent Bazemore | Gary Trent Jr. | Anfernee Simons | Skal Labissière | Anthony Tolliver | Mario Hezonja | Caleb Swanigan | Nassir Little | Wenyen Gabriel | Jaylen Hoard | Moses Brown
82%
PacersDomantas Sabonis | T.J. Warren | Malcolm Brogdon | Myles Turner | Jeremy Lamb | Victor Oladipo | Justin Holiday | Aaron Holiday | Doug McDermott | T.J. McConnell | Edmond Sumner | JaKarr Sampson | Naz Mitrou-Long | Goga Bitadze | T.J. Leaf | Alize Johnson | Brian Bowen
79%
MagicAaron Gordon | Nikola Vučević | Evan Fournier | Jonathan Isaac | Markelle Fultz | Terrence Ross | D.J. Augustin | James Ennis III | Al-Farouq Aminu | Khem Birch | Michael Carter-Williams | Wes Iwundu | Gary Clark | Mo Bamba | B.J. Johnson | Vic Law | Melvin Frazier | Josh Magette | Amile Jefferson
79%
ThunderChris Paul | Shai Gilgeous-Alexander | Dennis Schröder | Danilo Gallinari | Steven Adams | Luguentz Dort | Terrance Ferguson | Hamidou Diallo | Darius Bazley | Nerlens Noel | Abdel Nader | Andre Roberson | Mike Muscala | Deonte Burton | Devon Hall | Kevin Hervey | Justin Patton | Isaiah Roby
79%
TimberwolvesKarl-Anthony Towns | Andrew Wiggins | D'Angelo Russell | Malik Beasley | Robert Covington | Jeff Teague | Josh Okogie | Jarrett Culver | James Johnson | Juan Hernangómez | Shabazz Napier | Jake Layman | Treveon Graham | Jordan McLaughlin | Keita Bates-Diop | Gorgui Dieng | Naz Reid | Kelan Martin | Allen Crabbe | Noah Vonleh | Jaylen Nowell | Jordan Bell | Jarred Vanderbilt | Jacob Evans
79%
KingsDe'Aaron Fox | Harrison Barnes | Buddy Hield | Bogdan Bogdanović | Richaun Holmes | Nemanja Bjelica | Marvin Bagley | Trevor Ariza | Cory Joseph | Kent Bazemore | Eric Mika | Dewayne Dedmon | Alex Len | Harry Giles | Jabari Parker | DaQuan Jeffries | Yogi Ferrell | Anthony Tolliver | Corey Brewer | Justin James | Wenyen Gabriel | Kyle Guy | Caleb Swanigan
79%
PistonsBlake Griffin | Andre Drummond | Reggie Jackson | Derrick Rose | Christian Wood | Luke Kennard | Bruce Brown | Tony Snell | Langston Galloway | Brandon Knight | Jordan McRae | Sviatoslav Mykhailiuk | Markieff Morris | Sekou Doumbouya | John Henson | Tim Frazier | Thon Maker | Donta Hall | Derrick Walton | Khyri Thomas | Louis King | Jordan Bone
76%
SpursDeMar DeRozan | LaMarcus Aldridge | Dejounte Murray | Derrick White | Patty Mills | Rudy Gay | Keldon Johnson | Lonnie Walker | Bryn Forbes | Trey Lyles | Jakob Poeltl | Luka Šamanić | Marco Belinelli | Drew Eubanks | DeMarre Carroll | Quinndary Weatherspoon | Chimezie Metu | Tyler Zeller
76%
KnicksJulius Randle | Marcus Morris | RJ Barrett | Elfrid Payton | Maurice Harkless | Reggie Bullock | Mitchell Robinson | Bobby Portis | Frank Ntilikina | Kevin Knox | Damyean Dotson | Taj Gibson | Dennis Smith | Wayne Ellington | Allonzo Trier | Kadeem Allen | Ignas Brazdeikis
76%

Score Distribution

Percentile by Number Answered

Percent of People with Each Score

Your Score History

You have not taken this quiz